[Event "CZE-ch FIDE Open 2020"]
[Site "Kouty nad Desnou"]
[Date "2020.03.10"]
[Round "5.12"]
[White "Vokoun, Tomas"]
[Black "Stastny, Jakub"]
[Result "0-1"]
[WhiteElo "1673"]
[BlackElo "1917"]
[Annotator "ChessBase"]
[PlyCount "66"]
[EventDate "2020.03.07"]
[EventCountry "CZE"]
[SourceTitle "playchess.com"]
[Source "ChessBase"]
[SourceQuality "1"]
[TimeControl "5400+30"]

1. e4 {[%emt 0:00:00]} c5 {[%emt 0:00:00]} 2. b4 {[%emt 0:00:35]} cxb4 {[%emt 0:00:00]} 3. a3 {[%emt 0:00:09]} d5 {[%emt 0:00:00]} 4. exd5 {[%emt 0:00:49]} Qxd5 {[%emt 0:00:00]} 5. Nf3 {[%emt 0:00:17]} e5 {[%emt 0:02:09]} 6. c4 {[%emt 0:00:36]} Qe6 {[%emt 0:01:15]} 7. Bd3 {[%emt 0:00:43]} Nc6 {[%emt 0:03:41]} 8. O-O {[%emt 0:02:00]} Bc5 {[%emt 0:04:19]} 9. Bb2 {[%emt 0:03:46]} Nge7 {[%emt 0:02:08]} 10. Re1 {[%emt 0:03:26]} f6 {[%emt 0:00:06]} 11. Bf1 {[%emt 0:10:29]} Nf5 {[%emt 0:01:43]} 12. axb4 {[%emt 0:12:31]} Bxb4 {[%emt 0:00:21]} 13. Na3 {[%emt 0:01:50]} O-O {[%emt 0:02:58]} 14. Nb5 {[%emt 0:03:49]} Qf7 {[%emt 0:06:21]} 15. Qc2 {[%emt 0:07:50]} Rd8 {[%emt 0:03:32]} 16. Red1 {[%emt 0:10:32]} Bc5 {[%emt 0:06:19]} 17. d3 {[%emt 0:13:30]} Nfd4 {[%emt 0:06:15]} 18. Bxd4 {[%emt 0:00:53]} Nxd4 {[%emt 0:00:12]} 19. Nfxd4 {[%emt 0:00:23]} Bxd4 {[%emt 0:00:13]} 20. Ra2 {[%emt 0:02:57]} Bf5 {[%emt 0:01:18]} 21. g3 {[%emt 0:01:31]} Bg4 {[%emt 0:02:28]} 22. Be2 {[%emt 0:04:03]} Bxe2 {[%emt 0:01:05]} 23. Qxe2 {[%emt 0:00:07]} a6 {[%emt 0:00:05]} 24. Nxd4 {[%emt 0:02:39]} Rxd4 {[%emt 0:00:02]} 25. Rb2 {[%emt 0:01:27]} Rad8 {[%emt 0:00:49]} 26. f3 {[%emt 0:02:28]} Qd7 {[%emt 0:00:55]} 27. Rdb1 {[%emt 0:01:20]} Rxd3 {[%emt 0:00:52]} 28. Rxb7 {[%emt 0:01:12]} Qd4+ {[%emt 0:00:18]} 29. Kf1 {[%emt 0:01:41]} Rd2 {[%emt 0:00:24]} 30. Qe1 {[%emt 0:00:49]} Qd3+ {[%emt 0:00:07]} 31. Kg1 {[%emt 0:00:16]} Qxf3 {[%emt 0:00:06]} 32. Qf1 {[%emt 0:00:40]} Rd1 {[%emt 0:00:19]} 33. Rxd1 {[%emt 0:00:26]} Rxd1 {[%emt 0:00:01]} 0-1

[Event "CZE-ch FIDE Open 2020"]
[Site "Kouty nad Desnou"]
[Date "2020.03.10"]
[Round "5.13"]
[White "Broz, Jan"]
[Black "Zamecnik, Jan"]
[Result "1-0"]
[WhiteElo "1481"]
[BlackElo "1850"]
[Annotator "NA RC"]
[PlyCount "47"]
[EventDate "2020.03.07"]
[EventCountry "CZE"]
[SourceTitle "playchess.com"]
[Source "ChessBase"]
[SourceQuality "1"]
[TimeControl "5400+30"]

{[%evp 11,44,7,-1,0,38,0,3,0,0,-43,-29,-20,-19,-122,-38,-79,92,101,112,111,125,97,108,32767,181,219,205,198,185,88,122,131,703,789,743]} 1. e4 {[%emt 0:00:00]} e6 {[%emt 0:00:00]} 2. d4 {[%emt 0:00:00]} d5 {[%emt 0:00:00]} 3. e5 {[%emt 0:00:00]} c5 {[%emt 0:00:00]} 4. c3 {[%emt 0:00:31]} Nc6 {[%emt 0:00:01]} 5. Nf3 {[%emt 0:00:26]} Qb6 {[%emt 0:00:13]} 6. a3 {[%emt 0:01:28]} c4 {[%emt 0:03:27]} 7. Be2 {[%emt 0:02:41]} f6 {[%emt 0:02:58]} 8. exf6 {[%emt 0:02:06]} Nxf6 {[%emt 0:00:18]} 9. O-O {[%emt 0:03:26] C02: French: Advance Variation.} Bd6 {[%emt 0:00:26]} 10. Qc2 {[%emt 0:05:23]} O-O {[%emt 0:03:09]} 11. Nbd2 {[%emt 0:04:56] [#]} Na5 $146 {[%emt 0:01:01]} ({Predecessor:} 11... Qc7 12. g3 e5 13. dxe5 Nxe5 14. Nxe5 Bxe5 15. Nf3 Bh3 16. Re1 Ne4 17. Be3 Bf6 {1-0 (60) Haasse,A (2021)-Lilly,R (1851) Perth 2006}) 12. Re1 {[%emt 0:05:40] [#]} (12. Bd1 $11 {remains equal.}) 12... Bd7 {[%emt 0:04:05]} (12... e5 $1 $17 {[%mdl 512]} 13. dxe5 Ng4 {[%mdl 64] Double Attack}) 13. Bf1 {[%emt 0:05:26]} Nb3 {[%emt 0:02:40]} (13... Be8 $15 {stays ahead.}) 14. Nxb3 {[%emt 0:00:16]} Ba4 {[%emt 0:00:08] Pin} 15. Qe2 {[%emt 0:04:28]} Bxb3 {[%emt 0:03:51]} 16. Qxe6+ {[%emt 0:03:23]} Kh8 {[%emt 0:00:11]} 17. Bg5 {[%emt 0:04:30]} Rad8 {[%emt 0:19:41]} (17... Ba4 $16 {was worth a try.}) 18. Bxf6 {[%emt 0:06:30]} gxf6 {[%emt 0:02:18]} 19. Nh4 {[%emt 0:05:40]} Bc2 {[%emt 0:03:10]} 20. Rac1 {[%emt 0:04:03]} ({White should try} 20. Qe2 $18 Be4 21. g3) 20... Be4 {[%emt 0:03:18]} ({Better is} 20... Qxb2 $14 21. Qe2 Rde8) 21. Qh3 {[%emt 0:03:52]} Bf4 $2 {[%emt 0:08:54] [#]} (21... Qxb2 $16 22. Rxe4 Qxc1 23. Ng6+ {[%mdl 64] Double Attack} Kg8 24. Nxf8 dxe4) 22. Rxe4 $18 {[%emt 0:03:29]} dxe4 {[%emt 0:00:22]} 23. Ng6+ {[%emt 0:00:07]} Kg7 {[%emt 0:00:04]} 24. Nxf4 {[%emt 0:00:18]} 1-0

[Event "CZE-ch FIDE Open 2020"]
[Site "Kouty nad Desnou"]
[Date "2020.03.10"]
[Round "5.14"]
[White "Dedek, Jan"]
[Black "Merinsky, Vaclav"]
[Result "0-1"]
[WhiteElo "1551"]
[BlackElo "1764"]
[Annotator "NA RC"]
[PlyCount "62"]
[EventDate "2020.03.07"]
[EventCountry "CZE"]
[SourceTitle "playchess.com"]
[Source "ChessBase"]
[SourceQuality "1"]
[TimeControl "5400+30"]

1. e4 {[%emt 0:00:00]} e5 {[%emt 0:00:00]} 2. Nf3 {[%emt 0:00:00]} Nc6 {[%emt 0:00:00]} 3. Bc4 {[%emt 0:00:00]} Bc5 {[%emt 0:00:00]} 4. O-O {[%emt 0:00:00]} Nf6 {[%emt 0:00:16]} 5. d3 {[%emt 0:00:00]} d6 {[%emt 0:00:17]} 6. Re1 {[%emt 0:00:34]} Bg4 {[%emt 0:01:51]} 7. h3 {[%emt 0:01:50]} Be6 {[%emt 0:00:46]} 8. Bb3 {[%emt 0:01:19]} h6 {[%emt 0:01:11]} 9. Nbd2 {[%emt 0:01:26]} O-O {[%emt 0:00:17]} 10. Nf1 {[%emt 0:01:06]} Nd4 {[%emt 0:03:33]} 11. Be3 {[%emt 0:01:17]} Nxb3 {[%emt 0:00:32]} 12. axb3 {[%emt 0:00:04]} Bb6 {[%emt 0:00:26]} 13. Bxb6 {[%emt 0:01:09]} axb6 {[%emt 0:00:14]} 14. Ne3 {[%emt 0:01:00]} Qe7 {[%emt 0:02:54]} 15. Qd2 {[%emt 0:01:36]} Nh7 {[%emt 0:00:57]} 16. Qc3 {[%emt 0:04:05]} Nf6 {[%emt 0:06:59]} 17. Ra3 {[%emt 0:04:24]} Ra6 {[%emt 0:01:40]} 18. Rea1 {[%emt 0:02:00]} Rfa8 {[%emt 0:00:48]} 19. Rxa6 {[%emt 0:06:42]} Rxa6 {[%emt 0:00:15]} 20. Rxa6 {[%emt 0:00:05]} bxa6 {[%emt 0:00:28]} 21. b4 {[%emt 0:00:29]} Qd7 {[%emt 0:04:09]} 22. Qa3 {[%emt 0:01:58]} Qc8 {[%emt 0:00:54]} 23. c4 {[%emt 0:06:45]} Nh5 {[%emt 0:07:23]} 24. Nd5 {[%emt 0:01:16]} Bxd5 {[%emt 0:01:04]} 25. cxd5 {[%emt 0:00:04]} Nf4 {[%emt 0:01:02]} 26. Nd2 {[%emt 0:00:54]} b5 {[%emt 0:02:30]} 27. Nf3 {[%emt 0:01:15]} c6 {[%emt 0:03:35]} 28. dxc6 {[%emt 0:02:57]} Qxc6 {[%emt 0:00:06]} 29. Ne1 {[%emt 0:05:15]} Qc1 {[%emt 0:13:34]} 30. Kf1 {[%emt 0:00:14]} Qd1 {[%emt 0:01:05]} 31. g3 {[%emt 0:00:54]} Qe2+ {[%emt 0:00:14]} 0-1

[Event "CZE-ch FIDE Open 2020"]
[Site "Kouty nad Desnou"]
[Date "2020.03.10"]
[Round "5.15"]
[White "Kanka, Lukas"]
[Black "Vaculik, Martin"]
[Result "0-1"]
[WhiteElo "1618"]
[BlackElo "2268"]
[Annotator "TA"]
[PlyCount "68"]
[EventDate "2020.03.07"]
[EventCountry "CZE"]
[SourceTitle "playchess.com"]
[Source "ChessBase"]
[SourceQuality "1"]

{[%evp 9,68,-13,-13,-171,-65,-207,-164,-180,-139,-136,-14,-11,31,31,31,35,34,21,42,6,20,0,14,0,0,0,2,-31,-29,-301,-307,-307,-174,-173,-176,-194,-177,-198,-171,-171,-171,-206,-202,-206,-206,-246,-211,-203,-199,-632,-632,-817,-806,-1294,-1236,-1292,-1315,-1281,-1243,-1732,-2033]} 1. d4 Nf6 2. Nc3 d5 3. Bf4 e6 4. Nf3 c5 5. e3 a6 6. b3 $2 {[#] D00: 1 d4 d5: Unusual lines.} (6. Be2 $11) 6... cxd4 $146 ({Black should try} 6... Qa5 $1 $19 {[%cal Ra5c3]} 7. b4 cxb4) ({Predecessor:} 6... Qa5 7. Qd2 cxd4 8. Nxd4 Bb4 9. Nde2 Ne4 10. Be5 Nxd2 {0-1 (10) De Vlieger,E-Holl,H (2140) Bruges 1997}) 7. Nxd4 (7. Qxd4 $2 Nc6 $19) ({Only move:} 7. exd4 $15 Bb4 8. Bd2) 7... Bb4 8. Nde2 {Black is clearly better.} Qa5 9. Be5 Ne4 (9... Nbd7 $17 10. a3 Nxe5 11. axb4 Qxb4) 10. a3 $1 $11 {[%cal Ra3b4]} Bxc3+ 11. Nxc3 Nxc3 12. Qd2 $1 f6 ({Avoid the trap} 12... d4 $2 13. Bxg7 (13. Bxd4 O-O $16) 13... dxe3 14. fxe3 $18 (14. Qxc3 Qxc3+ 15. Bxc3 exf2+ 16. Kxf2 f6 $16)) 13. Bxc3 Qc7 14. Bd3 e5 15. O-O O-O 16. e4 d4 17. Bc4+ Kh8 18. Bb4 Re8 {Hoping for ...a5.} 19. f4 $2 {[%mdl 8192] White is on the road to losing.} (19. a4 $11 {and White stays safe.}) 19... a5 $1 $19 20. fxe5 Rxe5 (20... axb4 21. exf6 gxf6 22. Rxf6 $17) (20... Qxe5 $142 21. Bf7 Rd8) 21. Bf8 {[#]} Nd7 $1 {[%cal Rd7f8]} ({But not} 21... Rxe4 $2 22. Rae1 $18) 22. Bxg7+ Kxg7 23. Qf4 Qd8 24. Rf3 Rg5 25. h4 Rg6 {...Ne5 is the strong threat.} 26. h5 Rg5 27. Rg3 {Strongly threatening Rxg5+.} h6 ({Not} 27... Kh8 28. Rxg5 fxg5 {[#]} 29. Qd6 $1 $15 {[%mdl 512]}) 28. Rxg5+ hxg5 29. Qf5 $2 (29. Qd6) 29... Ne5 {Black is clearly winning.} 30. h6+ Kxh6 31. Be6 Bxe6 32. Qxe6 Ra6 33. Qh3+ Kg7 34. Rf1 Rc6 {Accuracy: White = 45%, Black = 56%.} 0-1

[Event "CZE-ch FIDE Open 2020"]
[Site "Kouty nad Desnou"]
[Date "2020.03.11"]
[Round "6.1"]
[White "Horak, Martin"]
[Black "Glozar, Petr"]
[Result "1-0"]
[WhiteElo "2329"]
[BlackElo "1918"]
[Annotator "TA"]
[PlyCount "105"]
[EventDate "2020.03.07"]
[EventCountry "CZE"]
[SourceTitle "playchess.com"]
[Source "ChessBase"]
[SourceQuality "1"]

{[%evp 20,105,0,0,0,0,18,-2,0,-5,28,6,10,12,27,10,11,8,51,34,46,39,48,56,147,148,170,151,135,135,127,133,226,151,167,162,158,154,161,181,162,171,173,164,166,163,213,221,211,204,340,335,320,335,320,295,160,122,122,36,159,141,146,146,146,146,146,133,133,125,260,260,5485,4712,4134,2630,1579,1879,29977,29978,29978,29979,29981,29982,29982,29983,29983,29984]} 1. e4 e5 2. Nf3 Nc6 3. Bb5 d6 4. d4 exd4 5. Nxd4 Bd7 6. Nc3 Nf6 7. Bf4 Be7 8. O-O O-O 9. Bxc6 bxc6 10. e5 dxe5 11. Bxe5 Bd6 {C66: Ruy Lopez: Steinitz Defence.} 12. Bg3 Rb8 13. Rb1 c5 {...Bxg3 is the strong threat.The position is equal.} 14. Nb3 Bc6 15. Na5 Ba8 16. Nc4 $36 {[%cal Rc4d6][%mdl 2048] White is more active.} Bxg3 17. hxg3 Qd4 18. Ne3 {[#]} Ne4 $146 ({Predecessor:} 18... Rfe8 19. Qe2 Qe5 20. Qc4 Qg5 21. Qh4 Qe5 22. Qf4 Qe7 23. Rfd1 Rb4 24. Qf5 Rd4 {1-0 (57) Goryachkin,A (2100)-Daurtsev,E (1607) Irkutsk 2016}) 19. Nxe4 Bxe4 20. Re1 Rfd8 21. Qe2 f5 ({Not} 21... Rxb2 $2 22. Rbd1 $18) (21... Qb4 $14) 22. b3 $1 $16 Qb4 23. f3 f4 24. gxf4 ({But not} 24. fxe4 fxe3 25. Qxe3 Qd4 $16) 24... Bg6 25. f5 Rd2 (25... Bf7 $16) 26. Qc4+ Bf7 27. Qxb4 cxb4 28. Rbd1 Rbd8 29. Rxd2 Rxd2 30. Rd1 Rxd1+ 31. Nxd1 $18 {[%mdl 4096] Endgame KB-KN} Be8 32. Kf2 Bd7 33. g4 Kf7 34. Ke3 c5 (34... Bc6 {might work better.} 35. c3 bxc3 36. Nxc3 Ke7) 35. Kf4 Bc6 36. Nf2 Ke7 37. Ne4 c4 38. Ke5 cxb3 39. axb3 (39. cxb3 $16 h6 40. Nd2) 39... Bb5 (39... a5 $14) 40. c4 bxc3 41. Nxc3 Bf1 42. b4 a6 43. Nd5+ Kf7 44. g5 Bc4 {[#] Black cannot hold the game after this.} (44... Bd3 $16 45. Nc3 Bf1) 45. Nf4 $1 h6 $2 {[#]} (45... Ke7 46. g6 hxg6) 46. g6+ $1 Kf8 47. f6 gxf6+ 48. Kxf6 Bb3 49. g7+ {White mates.} Kg8 50. Kg6 h5 51. Nxh5 {[%cal Rh5f6]} Bf7+ 52. Kh6 {[%cal Rh5f6]} Bxh5 53. Kxh5 {Accuracy: White = 91%, Black = 55%.} 1-0

[Event "CZE-ch FIDE Open 2020"]
[Site "Kouty nad Desnou"]
[Date "2020.03.11"]
[Round "6.2"]
[White "Tuma, Jan"]
[Black "Bares, Jachym"]
[Result "0-1"]
[WhiteElo "1993"]
[BlackElo "2119"]
[Annotator "RC"]
[PlyCount "52"]
[EventDate "2020.03.07"]
[EventCountry "CZE"]
[SourceTitle "playchess.com"]
[Source "ChessBase"]
[SourceQuality "1"]
[TimeControl "5400+30"]

1. e4 {[%emt 0:04:29]} e5 {[%emt 0:00:00]} 2. Nf3 {[%emt 0:00:18]} Nc6 {[%emt 0:00:00]} 3. c3 {[%emt 0:00:37]} d5 {[%emt 0:01:13]} 4. Qa4 {[%emt 0:00:42]} Bd7 {[%emt 0:07:59]} 5. exd5 {[%emt 0:01:45]} Nd4 {[%emt 0:00:11]} 6. Qd1 {[%emt 0:00:20]} Nxf3+ {[%emt 0:00:19]} 7. Qxf3 {[%emt 0:00:36]} Nf6 {[%emt 0:00:11]} 8. Bc4 {[%emt 0:11:39]} Bd6 {[%emt 0:05:18]} 9. d3 {[%emt 0:12:49]} b5 {[%emt 0:00:21]} 10. Bb3 {[%emt 0:00:43]} Bg4 {[%emt 0:00:06]} 11. Qe3 {[%emt 0:08:40]} O-O {[%emt 0:00:33]} 12. Nd2 {[%emt 0:05:12]} Nh5 {[%emt 0:08:18]} 13. h3 {[%emt 0:09:43]} Nf4 {[%emt 0:03:15]} 14. Rg1 {[%emt 0:11:55]} Bh5 {[%emt 0:11:48]} 15. g4 {[%emt 0:02:14]} Bg6 {[%emt 0:01:54]} 16. Ne4 {[%emt 0:02:29]} a5 {[%emt 0:04:34]} 17. c4 {[%emt 0:07:53]} bxc4 {[%emt 0:03:58]} 18. dxc4 {[%emt 0:00:17]} Bb4+ {[%emt 0:01:12]} 19. Kf1 {[%emt 0:05:04]} Qh4 {[%emt 0:04:24]} 20. Rg3 {[%emt 0:05:49]} f5 {[%emt 0:02:39]} 21. Nc3 {[%emt 0:03:04]} fxg4 {[%emt 0:08:02]} 22. Rxg4 {[%emt 0:00:36]} Qh5 {[%emt 0:02:11]} 23. Bd2 {[%emt 0:02:14]} Nxh3 {[%emt 0:06:26]} 24. Rg2 {[%emt 0:00:30]} Nf4 {[%emt 0:03:53]} 25. Rg1 {[%emt 0:00:29]} Bd3+ {[%emt 0:00:10]} 26. Ke1 {[%emt 0:00:16]} Ng2+ {[%emt 0:00:15]} 0-1

[Event "CZE-ch FIDE Open 2020"]
[Site "Kouty nad Desnou"]
[Date "2020.03.11"]
[Round "6.3"]
[White "Slepov, Kyryl"]
[Black "Kubicek, Antonin"]
[Result "1/2-1/2"]
[WhiteElo "1973"]
[BlackElo "2113"]
[Annotator "TA"]
[PlyCount "125"]
[EventDate "2020.03.07"]
[EventCountry "CZE"]
[SourceTitle "playchess.com"]
[Source "ChessBase"]
[SourceQuality "1"]

{[%evp 15,125,27,24,26,10,12,45,0,2,0,19,12,27,0,34,28,42,34,35,8,10,6,18,10,15,15,22,17,33,22,27,28,32,23,31,30,48,55,63,62,120,34,33,28,61,58,52,58,62,39,96,93,85,82,97,51,294,127,257,237,283,251,283,264,268,268,283,158,166,-406,-400,-394,-400,-401,-400,-337,-162,-172,-175,-239,-235,-335,-349,-210,-210,-210,-210,-210,-210,-210,-210,-12798,-9499,-29962,-29963,-29961,-29960,-1466,-24,-27,0,0,12841,0,0,0,5878,0,0,0,5427,0]} 1. e4 e6 2. d4 d5 3. Nd2 {[%cal Bb1d2,Bd2b3,Bb3d4][%mdl 32]} a6 4. Ngf3 c5 5. exd5 exd5 6. dxc5 Bxc5 7. Nb3 Ba7 8. Bg5 Ne7 9. Bd3 {C08: French Tarrasch: 3...c5 4 exd5 exd5 sidelines.} Nbc6 10. c3 {[#]} Qd6 $146 ({Predecessor:} 10... h6 11. Bf4 O-O 12. O-O Ng6 13. Bg3 Bg4 14. h3 Bh5 15. Be2 Re8 16. Re1 Rc8 {0-1 (38) Berlinsky,V (2325)-Al Ali,H (2354) Dresden 2008}) 11. Qd2 {White is slightly better.} (11. O-O {feels hotter.} O-O 12. Re1 Ng6 13. Be4 Be6 14. c4) 11... Bg4 12. Nbd4 O-O 13. Bf4 Qd7 14. h3 Bh5 (14... Bxf3 $5 15. Nxf3 Qe6+ 16. Kf1 Ng6 $11) 15. O-O Bg6 16. Nxc6 Nxc6 17. Ne5 Nxe5 18. Bxe5 Rfe8 19. Rfe1 Re6 20. Bxg6 Rxg6 21. Qd3 Re8 22. Bd4 $36 {[%mdl 2048] White fights for an advantage.} Bb8 23. Rxe8+ Qxe8 24. Rd1 h6 25. Be3 (25. g3 {looks sharper.} Re6 26. Rd2 Qa4 27. a3 Re1+ 28. Kg2) 25... Qe5 {With the idea ...Qh2+.} 26. g3 Qe8 27. h4 Qa4 (27... Bxg3 $14 28. fxg3 Rxg3+ {[%mdl 64] Double Attack} 29. Kf2 Rh3) 28. h5 (28. Qxd5 $16 Rd6 29. Rd4 Rxd5 30. Rxa4) 28... Re6 $14 29. Kg2 Qxa2 30. Qxd5 Qxd5+ 31. Rxd5 $11 {[%mdl 4096] Endgame Strongly threatening Rd8+. KRB-KRB} Bd6 32. c4 Bb4 (32... Kf8 $14) 33. Rd8+ $16 Kh7 34. Kf3 g6 35. Bd4 {[%csl Gd4][%cal Rd8h8]} f6 $2 (35... gxh5 $14 36. c5 Rc6) 36. g4 (36. Rb8 $1 $18 {[%cal Rb8b7] and the rest is easy.} b5 37. cxb5 axb5 38. Rxb5) 36... gxh5 (36... Kg7 $16) 37. gxh5 $18 Kg7 38. Kf4 Kf7 39. Kf5 Be7 40. Rh8 Rc6 41. b3 ({Much less strong is} 41. Rxh6 $6 Rxc4 42. Bxf6 Bxf6 $18) (41. Rh7+ $18 Ke8 42. b3) 41... Bf8 $16 {Threatening ...Kg7.} 42. f4 $4 {[%mdl 8192]} (42. Be3 $1 $18) 42... Kg7 $19 43. Rxf8 Kxf8 {KR-KB} 44. Kg6 {[#]} f5+ $1 45. Kxf5 Kf7 46. Ke5 Re6+ 47. Kd5 Re1 48. b4 (48. Kc5 {keeps fighting.} a5 49. Kb5) 48... Rh1 49. Kc5 b5 $1 50. cxb5 Rxh5+ 51. Be5 axb5 52. Kxb5 Ke6 $1 53. Kc6 $2 (53. Kc5 Rh1 54. Bb8) 53... Rh1 54. b5 Rc1+ 55. Kb7 h5 56. b6 Rc2 $2 ({Black should try} 56... h4 $19 57. Ka6 Rb1) 57. Ka6 $1 $11 {aiming for b7.} Ra2+ 58. Kb5 {Hoping for b7.} Ra3 $2 {[%mdl 8192]} (58... Ra8 $11) 59. Kb4 $2 ({White must play} 59. Kc4 $1 $18 {Black must now prevent b7.} Ra4+ 60. Kc3 Ra3+ 61. Kc2 Ra2+ 62. Kd1) 59... Ra6 60. Kb5 Ra3 $2 {[%mdl 8192] [#]} (60... Ra8 $11) 61. Kb4 $2 (61. Kc4 $1 $18 {And now b7 would win.} Ra4+ 62. Kc3 Ra3+ 63. Kc2 Ra2+ 64. Kd1) 61... Ra6 62. Kb5 $2 {[%mdl 8192]} (62. Kc5 $11 Rxb6 63. Kxb6) 62... Ra3 $18 {[#]} 63. Kb4 $2 {Accuracy: White = 60%, Black = 66%.} ({White has to play} 63. Kc4 $1 $18 Ra4+ 64. Kc3 Ra3+ 65. Kc2 Ra2+ 66. Kd1) 1/2-1/2

[Event "CZE-ch FIDE Open 2020"]
[Site "Kouty nad Desnou"]
[Date "2020.03.11"]
[Round "6.4"]
[White "Sikorova, Olga"]
[Black "Pycha, Patrik"]
[Result "1-0"]
[WhiteElo "2199"]
[BlackElo "2024"]
[Annotator "TA"]
[PlyCount "75"]
[EventDate "2020.03.07"]
[EventCountry "CZE"]
[SourceTitle "playchess.com"]
[Source "ChessBase"]
[SourceQuality "1"]

{[%evp 10,75,11,14,17,15,19,6,22,18,44,27,77,77,91,90,88,78,125,123,145,116,150,76,70,74,167,75,68,77,104,77,75,56,75,76,79,38,32,49,50,56,39,43,78,79,91,97,93,87,88,93,96,97,97,96,95,85,161,161,168,168,166,166,166,166,252,165]} 1. c4 Nf6 2. g3 e6 3. Nf3 d5 4. b3 b6 5. Bg2 Bb7 6. O-O Bd6 {A13: English Opening: 1...e6.} 7. Bb2 O-O 8. Nc3 a6 {The position is equal.} 9. e3 c5 {[#]} 10. Rc1 $146 ({Predecessor:} 10. Qe2) 10... Nc6 11. cxd5 Nxd5 12. Nxd5 exd5 13. d4 Ne7 14. dxc5 bxc5 15. Qc2 a5 {[#]} 16. Ng5 (16. Rfd1 $142 $1) 16... Ng6 $16 17. h4 Be7 (17... Qe7 $16) 18. Nxh7 ({Don't do} 18. Qc3 $6 Bf6 $14) (18. Nh3 $18 {and White stays clearly on top.}) 18... Kxh7 19. h5 {[%mdl 64] Pin} Qb6 20. hxg6+ Qxg6 21. Rfd1 Rfd8 22. Ba3 Rac8 23. Bh3 {[#] Threatens to win with Bf5.} Qxc2 24. Rxc2 Rc7 25. Rdc1 {[%cal Ra3c5]} Bc8 26. Bg2 {[%cal Ra3c5]} Bf5 27. Rc3 {[%cal Ra3c5]} c4 28. Bxe7 ({But not} 28. bxc4 $6 Bb4 $11) 28... Rxe7 29. bxc4 dxc4 30. Rxc4 Be6 31. Rh4+ Kg8 32. a4 Red7 33. Bf3 Rd2 (33... Ra7 $16 {keeps fighting.}) 34. Rc5 $18 Ra2 35. Rxa5 g6 36. Rd4 Rxd4 37. exd4 Bh3 (37... Kg7 $142 38. Ra7 Ra3) 38. d5 {Accuracy: White = 73%, Black = 58%.} 1-0

[Event "CZE-ch FIDE Open 2020"]
[Site "Kouty nad Desnou"]
[Date "2020.03.11"]
[Round "6.5"]
[White "Broz, Petr"]
[Black "Kucera, Tomas"]
[Result "1/2-1/2"]
[WhiteElo "1976"]
[BlackElo "1985"]
[Annotator "ChessBase"]
[PlyCount "98"]
[EventDate "2020.03.07"]
[EventCountry "CZE"]
[SourceTitle "playchess.com"]
[Source "ChessBase"]
[SourceQuality "1"]
[TimeControl "5400+30"]

1. e4 {[%emt 0:00:00]} c5 {[%emt 0:00:24]} 2. b4 {[%emt 0:00:24]} cxb4 {[%emt 0:00:36]} 3. a3 {[%emt 0:00:44]} d5 {[%emt 0:02:17]} 4. exd5 {[%emt 0:00:09]} Qxd5 {[%emt 0:00:10]} 5. Nf3 {[%emt 0:00:23]} Bg4 {[%emt 0:06:10]} 6. Be2 {[%emt 0:01:44]} e5 {[%emt 0:01:33]} 7. c4 {[%emt 0:01:57]} bxc3 {[%emt 0:09:55]} 8. Nxc3 {[%emt 0:00:05]} Qa5 {[%emt 0:00:05]} 9. O-O {[%emt 0:00:14]} Nf6 {[%emt 0:07:49]} 10. Nxe5 {[%emt 0:01:26]} Bxe2 {[%emt 0:00:22]} 11. Qxe2 {[%emt 0:00:07]} Be7 {[%emt 0:00:13]} 12. Re1 {[%emt 0:00:09]} O-O {[%emt 0:02:19]} 13. Nc4 {[%emt 0:14:51]} Qc7 {[%emt 0:02:14]} 14. Nb5 {[%emt 0:00:06]} Qd7 {[%emt 0:05:53]} 15. Ne5 {[%emt 0:05:16]} Qd8 {[%emt 0:03:20]} 16. Qf3 {[%emt 0:03:20]} Nd5 {[%emt 0:06:44]} 17. Nc3 {[%emt 0:02:12]} Nxc3 {[%emt 0:12:31]} 18. dxc3 {[%emt 0:00:39]} Nc6 {[%emt 0:02:48]} 19. Nxc6 {[%emt 0:00:53]} bxc6 {[%emt 0:00:07]} 20. Bf4 {[%emt 0:00:31]} Bf6 {[%emt 0:00:38]} 21. Rad1 {[%emt 0:00:34]} Qa5 {[%emt 0:00:42]} 22. Qg4 {[%emt 0:03:20]} Rfe8 {[%emt 0:09:12]} 23. Qd7 {[%emt 0:01:28]} Rxe1+ {[%emt 0:05:41]} 24. Rxe1 {[%emt 0:00:26]} h6 {[%emt 0:00:29]} 25. Qxc6 {[%emt 0:00:05]} Rd8 {[%emt 0:01:37]} 26. Re8+ {[%emt 0:07:31]} Rxe8 {[%emt 0:00:14]} 27. Qxe8+ {[%emt 0:00:02]} Kh7 {[%emt 0:00:14]} 28. Qe4+ {[%emt 0:00:11]} Kg8 {[%emt 0:02:39]} 29. Qb4 {[%emt 0:00:29]} Bxc3 {[%emt 0:01:20]} 30. Qxa5 {[%emt 0:00:04]} Bxa5 {[%emt 0:00:07]} 31. Bd6 {[%emt 0:00:03]} f5 {[%emt 0:00:26]} 32. Kf1 {[%emt 0:00:13]} Kf7 {[%emt 0:01:15]} 33. Ke2 {[%emt 0:00:14]} g5 {[%emt 0:01:30]} 34. Kd3 {[%emt 0:01:12]} Ke6 {[%emt 0:00:46]} 35. Bc5 {[%emt 0:00:12]} a6 {[%emt 0:01:44]} 36. f3 {[%emt 0:03:57]} h5 {[%emt 0:00:53]} 37. h3 {[%emt 0:01:56]} Kd5 {[%emt 0:03:18]} 38. Be7 {[%emt 0:00:18]} g4 {[%emt 0:00:31]} 39. Ke3 {[%emt 0:03:11]} gxh3 {[%emt 0:01:37]} 40. gxh3 {[%emt 0:00:04]} Bc7 {[%emt 0:00:07]} 41. Kd3 {[%emt 0:01:20]} Ke5 {[%emt 0:02:01]} 42. Bg5 {[%emt 0:00:06]} Bd6 {[%emt 0:00:27]} 43. a4 {[%emt 0:00:22]} Kd5 {[%emt 0:00:18]} 44. Bc1 {[%emt 0:04:23]} Be5 {[%emt 0:01:28]} 45. Ba3 {[%emt 0:01:07]} Bf6 {[%emt 0:00:47]} 46. Bb4 {[%emt 0:01:44]} Be5 {[%emt 0:00:31]} 47. Be7 {[%emt 0:01:12]} Bg7 {[%emt 0:00:39]} 48. Bb4 {[%emt 0:02:15]} Be5 {[%emt 0:00:11]} 49. Bf8 {[%emt 0:00:05]} Bf6 {[%emt 0:00:30]} 1/2-1/2